[Event "Wch U20 Girls 29th"]
[Site "Chennai"]
[Date "2011.08.10"]
[Round "8"]
[White "Gevorgyan, Maria"]
[Black "Degrande, Marigje"]
[Result "1/2-1/2"]
[WhiteElo "2068"]
[BlackElo "1890"]
[PlyCount "104"]
[EventDate "2011.08.02"]
[EventType "swiss"]
[EventRounds "13"]
[EventCountry "IND"]
[SourceTitle "CBM 143 Extra"]
[Source "ChessBase"]
[SourceDate "2011.08.29"]
[SourceVersion "1"]
[SourceVersionDate "2011.08.29"]
[SourceQuality "1"]

1. e4 d6 2. d4 Nf6 3. Nc3 g6 4. f4 Bg7 5. Nf3 0-0 6. h3 c5 7. d5 Na6 8. Bc4 Nc7 9. Qd3 a6 10. a4 b6 11. 0-0 Bd7 12. Re1 Nfe8 13. g4 e6 14. dxe6 fxe6 15. f5 b5 16. axb5 axb5 17. Rxa8 Qxa8 18. Nxb5 Bxb5 19. Bxb5 Nxb5 20. Qxb5 Kh8 21. Qd3 gxf5 22. exf5 exf5 23. gxf5 Qc8 24. c3 Nc7 25. Re7 Bf6 26. Ng5 h6 27. Nf7+ Rxf7 28. Rxf7 Qg8+ 29. Kf1 Qxf7 30. Qxd6 Qc4+ 31. Kg1 Qg8+ 32. Kf1 Qc4+ 33. Kg1 Qg8+ 34. Kh2 Qg7 35. Bf4 Ne8 36. Qxc5 Kh7 37. Qc6 Qe7 38. Qg2 Qg7 39. Qe4 Qd7 40. Qc2 Ng7 41. b4 Qxf5 42. Qxf5+ Nxf5 43. c4 Bd8 44. Be5 Ne3 45. c5 Nd5 46. b5 Kg6 47. Kg3 Kf5 48. Bb8 Nc3 49. Ba7 Nxb5 50. Bb6 Bxb6 51. cxb6 Nd6 52. Kh4 Kf4 1/2-1/2

[Event "BEL-ch U18/20"]
[Site "Houffalize"]
[Date "2011.04.20"]
[Round "5"]
[White "Degrande, Marigje"]
[Black "Huebben, Dominik"]
[Result "0-1"]
[WhiteElo "1902"]
[BlackElo "1746"]
[PlyCount "98"]
[EventDate "2011.04.17"]
[EventType "swiss"]
[EventRounds "9"]
[EventCountry "BEL"]
[SourceTitle "EXT 2012"]
[Source "ChessBase"]
[SourceDate "2011.11.24"]
[SourceVersion "1"]
[SourceVersionDate "2011.11.24"]
[SourceQuality "1"]

1. d4 d5 2. c4 e6 3. Nc3 Nf6 4. Bg5 Be7 5. e3 0-0 6. Nf3 h6 7. Bh4 b6 8. cxd5 Nxd5 9. Bg3 Nxc3 10. bxc3 c5 11. Be2 cxd4 12. exd4 Nc6 13. 0-0 Bb7 14. h3 Rc8 15. Qd3 Na5 16. Ne5 Bd5 17. Bf4 Bg5 18. Bc1 Bxc1 19. Rfxc1 Nc4 20. Ng4 Qd6 21. Bf3 Rc7 22. Bxd5 Qxd5 23. Qg3 Qd6 24. Nxh6+ Kh7 25. Qxd6 Nxd6 26. Ng4 Rfc8 27. Ne3 Rxc3 28. Rd1 Nc4 29. Nxc4 R3xc4 30. Rd2 Rd8 31. Rad1 Rc6 32. Kf1 Rcd6 33. Ke2 Kg6 34. Ke3 Kf6 35. f4 Ke7 36. Rd3 Rc6 37. R1d2 Rdc8 38. d5 Rc3 39. dxe6 Rxd3+ 40. Rxd3 Kxe6 41. Rd2 Rc5 42. Kf3 b5 43. Kg4 f6 44. h4 a5 45. h5 b4 46. g3 a4 47. Rb2 Rb5 48. Kf3 b3 49. axb3 Rxb3+ 0-1

[Event "BEL-ch U18/20"]
[Site "Houffalize"]
[Date "2011.04.20"]
[Round "6"]
[White "Van Herck, Raf"]
[Black "Degrande, Marigje"]
[Result "1-0"]
[WhiteElo "1728"]
[BlackElo "1902"]
[PlyCount "61"]
[EventDate "2011.04.17"]
[EventType "swiss"]
[EventRounds "9"]
[EventCountry "BEL"]
[SourceTitle "EXT 2012"]
[Source "ChessBase"]
[SourceDate "2011.11.24"]
[SourceVersion "1"]
[SourceVersionDate "2011.11.24"]
[SourceQuality "1"]

1. Nc3 d6 2. d4 g6 3. e4 Bg7 4. f4 c6 5. Nf3 Qc7 6. Be3 Nf6 7. Qd2 0-0 8. 0-0-0 b5 9. Bd3 b4 10. Na4 Qa5 11. b3 Bd7 12. Kb1 Ng4 13. h4 h5 14. Rdg1 c5 15. Nb2 Nxe3 16. Qxe3 cxd4 17. Qf2 Na6 18. Nh2 f5 19. exf5 Bxf5 20. g4 hxg4 21. Nxg4 e5 22. Qg2 e4 23. Bxe4 Bxe4 24. Qxe4 Qf5 25. Qg2 Nc7 26. h5 Nb5 27. Nd3 Na3+ 28. Ka1 Rac8 29. hxg6 Nxc2+ 30. Kb2 Rc5 31. Qh2 1-0

[Event "BEL-ch op"]
[Site "Namur"]
[Date "2009.07.09"]
[Round "6"]
[White "Van Eetvelde, Ward"]
[Black "Degrande, Marigje"]
[Result "1-0"]
[WhiteElo "2027"]
[BlackElo "1848"]
[PlyCount "45"]
[EventDate "2009.07.04"]
[EventType "swiss"]
[EventRounds "9"]
[EventCountry "BEL"]
[SourceTitle "EXT 2010"]
[Source "ChessBase"]
[SourceDate "2010.11.25"]
[SourceVersion "1"]
[SourceVersionDate "2010.11.25"]
[SourceQuality "1"]

1. d4 d6 2. e4 Nf6 3. Nc3 g6 4. f4 Bg7 5. Nf3 0-0 6. Be2 c6 7. 0-0 Re8 8. e5 Nd5 9. Ne4 Nc7 10. Bd3 b6 11. c3 c5 12. Nfg5 f5 13. exf6 exf6 14. Nxh7 Kxh7 15. Ng5+ Kg8 16. Bxg6 f5 17. Qh5 Be6 18. Bxe8 Nd7 19. Bf7+ Bxf7 20. Qxf7+ Kh8 21. Rf3 cxd4 22. Rh3+ Bh6 23. Rxh6# 1-0